000 00538nam a22001697a 4500
999 _c172512
_d172512
005 20200206125315.0
010 _a318285
035 _a318285
037 _bBPPD/Pub.
082 _a841.09
100 _aعبدال حرخاں خلیل
245 _aاردو و غزل کے پچاس سال /
_cعبد ال حرخاں خلیل
246 _aUrdu-O-Ghazal Ke Pachas Saal /
_bby Abdul Harkhan Khaleel
260 _aLucknow
_bMaktaba Kulliyan
_c1961 ء
300 h _a470p.
_c18cm(Hb)
942 _2ddc
_cUR
_h841.09
_mع ب د